| 000 | 00836nam a2200217 a 4500 | ||
|---|---|---|---|
| 003 | 0 | ||
| 005 | 20250221154648.0 | ||
| 008 | 101112s19uu xx 00 eng d | ||
| 050 |
_aPHS QR 115 _b.B64 2010 |
||
| 100 | _aBorja, Michelle Joyce B. | ||
| 245 |
_aAntibacterial property of Terminalia catappa against Eschericha coli / _cMichelle Joyce B. Borja. |
||
| 260 |
_aLas PiƱas City, Philippines : _bSouthville International School and Colleges, _c2010. |
||
| 300 |
_a23 pages : _billustrations ; _c30 cm. |
||
| 504 | _aIncludes bibliographical references. | ||
| 650 |
_aAntibacterial agents _xPlant-based. |
||
| 650 |
_aTerminalia catappa _xMedicinal use. |
||
| 650 |
_aEscherichia coli _xMicrobiology. |
||
| 650 |
_aAntibacterial agents _xPlant-based. |
||
| 650 |
_aMedicinal plants _xAntimicrobial properties. |
||
| 942 |
_2lcc _cPASS |
||
| 999 |
_c98475 _d98475 |
||